01800nam a2200349Ia 4500001001200000003000800012006001900020007001500039008004100054010001700095020001500112040002100127035002000148050002500168082002200193245019400215260005300409300002400462500023000486504004100716533015200757650005200909650006100961650005501022655002901077700002201106700002301128710001701151711013901168856012601307999001701433ebr10078106CaPaEBRm u cr cn|||||||||930609s1993 dcua sb 100 0 eng d z 93084592  z0309048397 aCaPaEBRcCaPaEBR a(OCoLC)4573396214aRA648.6b.E64 1993eb04a614.4/09172/422004aThe epidemiological transitionh[electronic resource] :bpolicy and planning implications for developing countries : workshop proceedings /cJames N. Gribble and Samuel H. Preston, editors. aWashington, DC :bNational Academy Press,c1993. axiv, 271 p. :bill. a"Workshop on the Policy and Planning Implications of the Epidemiological Transition in Developing Countries, was held November 20-22, 1991, at the National Academy of Sciences' Georgetown facility in Washington, D.C."--P. xi. aIncludes bibliographical references. aElectronic reproduction.bPalo Alto, Calif. :cebrary,d2005.nAvailable via World Wide Web.nAccess may be limited to ebrary affiliated libraries. 0aEpidemiologyzDeveloping countriesvCongresses. 0aHealth care rationingzDeveloping countriesvCongresses. 0aHealth planningzDeveloping countriesvCongresses. 7aElectronic books.2local1 aGribble, James N.1 aPreston, Samuel H.2 aebrary, Inc.2 aWorkshop on the Policy and Planning Implications of the Epidemiological Transition in Developing Countriesd(1991 :cWashington, D.C.)40uhttp://site.ebrary.com/lib/rucke/Doc?id=10078106zAn electronic book accessible through the World Wide Web; click to view c73498d73498